| 000 | 00378nam a22001577a 4500 | ||
|---|---|---|---|
| 003 | MACL | ||
| 005 | 20151223163933.0 | ||
| 008 | 151223b xxu||||| |||| 00| 0 eng d | ||
| 040 | _cMACL | ||
| 041 | _aEnglish | ||
| 082 | _a823/ZAH | ||
| 100 |
_aZaheer,Noor _922584 |
||
| 245 | _aGone With The Soil An Anthology of Saarc Fiction | ||
| 650 |
_aFiction _922585 |
||
| 942 |
_2ddc _cBK |
||
| 999 |
_c51768 _d51768 |
||